[Event "Aam aadmi party(AAP)"]
[Site "SchemingMind.com"]
[Date "2015.02.15"]
[Round "-"]
[White "Stephen Woodhouse"]
[Black "Ramesh Panwar"]
[Result "0-1"]
[WhiteCountry "ENG"]
[BlackCountry "IND"]
[WhiteElo "1883"]
[WhiteRD "48"]
[BlackElo "2329"]
[BlackRD "52"]
[GameID "374831"]

1. e4 c5 2. c3 e6 3. d4 d5 4. exd5 exd5 5. Nf3 Nf6 6. Bg5 Qb6 7. Qc2 h6 8. Bh4 cxd4 9. Nxd4 Bc5 10. Bb5+ Bd7
11. Qe2+ Kf8 12. Bxf6 Bxb5 13. Nxb5 Nc6 14. O-O Re8 15. Bxg7+ Kxg7 16. Qg4+ Kf8 17. N1a3 Bxa3 18. Nxa3 Qxb2 19. Qa4 Re4 20. Qb3 Qxb3
21. axb3 d4 22. cxd4 Nxd4 23. Nc4 Nxb3 24. Nd6 Re6 25. Rab1 Nd2 26. Rxb7 Nxf1
0-1

[Event "Aam aadmi party(AAP)"]
[Site "SchemingMind.com"]
[Date "2015.02.15"]
[Round "-"]
[White "Ramesh Panwar"]
[Black "Stephen Woodhouse"]
[Result "1-0"]
[WhiteCountry "IND"]
[BlackCountry "ENG"]
[WhiteElo "2329"]
[WhiteRD "52"]
[BlackElo "1883"]
[BlackRD "48"]
[GameID "374832"]

1. c4 e6 2. d4 d5 3. Nc3 c5 4. Nf3 Nc6 5. dxc5 d4 6. Nb5 Bxc5 7. e3 dxe3 8. Qxd8+ Kxd8 9. Bxe3 Bxe3 10. fxe3 Ke7
11. Be2 Nf6 12. Rd1 Bd7 13. O-O Rhd8 14. Nc3 Be8 15. h3 Rxd1 16. Rxd1 Rd8 17. Rxd8 Nxd8 18. b4 Nc6 19. a3 Nd7 20. c5 Nde5
21. Kf2 Nxf3 22. gxf3 f6 23. f4 Bg6 24. h4 h6 25. h5 Bc2 26. Nb5 a6 27. Nd6 Nd8 28. Bf3 e5 29. fxe5 fxe5 30. Nxb7 Nxb7
31. Bxb7 Bd1 32. Bxa6 Bxh5 33. b5 Kd8 34. b6 Be8 35. Bb7
1-0

[Event "Aam aadmi party(AAP)"]
[Site "SchemingMind.com"]
[Date "2015.02.16"]
[Round "-"]
[White "Kid A"]
[Black "Stephen Woodhouse"]
[Result "1-0"]
[WhiteCountry "FIN"]
[BlackCountry "ENG"]
[WhiteElo "1969"]
[WhiteRD "71"]
[BlackElo "1883"]
[BlackRD "48"]
[GameID "374884"]

1. e4 e6 2. d4 d5 3. Nc3 Nf6 4. e5 Nfd7 5. f4 c5 6. dxc5 Bxc5 7. Qg4 g6 8. Bd3 Nc6 9. a3 a6 10. h4 h5
11. Qg3 b5 12. Nh3 Bb7 13. Ng5 Nd4 14. Nxf7 Kxf7 15. Qxg6+ Kf8 16. f5 Nxe5 17. Bh6+ Ke7 18. Bg5+
1-0

[Event "Aam aadmi party(AAP)"]
[Site "SchemingMind.com"]
[Date "2015.02.17"]
[Round "-"]
[White "Stephen Woodhouse"]
[Black "Kid A"]
[Result "0-1"]
[WhiteCountry "ENG"]
[BlackCountry "FIN"]
[WhiteElo "1859"]
[WhiteRD "49"]
[BlackElo "1923"]
[BlackRD "70"]
[GameID "374885"]

1. e4 e5 2. Nf3 Nc6 3. d4 exd4 4. Nxd4 Nf6 5. Nc3 Bb4 6. Nxc6 bxc6 7. Bd3 d5 8. exd5 cxd5 9. O-O O-O 10. Bg5 c6
11. Qf3 Be7 12. Rae1 Rb8 13. Nd1 Bg4 14. Qg3 Bxd1 15. Rxd1 Rxb2 16. Bh6 Nh5 17. Qg4 Qd6 18. Be3 Nf6 19. Qh3 Rxa2 20. Bg5 g6
21. Rfe1 Bd8 22. Bh6 Re8 23. Rxe8+ Nxe8 24. Re1 Nf6 25. g3 c5 26. Qc8 c4 27. Bf1 Qc7 28. Qh3 Rxc2 29. Bg2 Qc5 30. Rf1 a5
0-1

[Event "Aam aadmi party(AAP)"]
[Site "SchemingMind.com"]
[Date "2015.02.16"]
[Round "-"]
[White "Kid A"]
[Black "Ramesh Panwar"]
[Result "0-1"]
[WhiteCountry "FIN"]
[BlackCountry "IND"]
[WhiteElo "1923"]
[WhiteRD "70"]
[BlackElo "2354"]
[BlackRD "56"]
[GameID "374886"]

1. e4 e5 2. Nf3 Nc6 3. Bc4 Nf6 4. Nc3 Nxe4 5. Nxe4 d5 6. Bd3 dxe4 7. Bxe4 Bd6 8. d4 exd4 9. Nxd4 O-O 10. Be3 Qh4
11. Bxc6 bxc6 12. Qe2 Rb8 13. O-O-O c5 14. Nb5 Qb4 15. Nxd6 Qxb2+ 16. Kd2 Rd8 17. Ke1 Rxd6 18. Bxc5 Qc3+ 19. Kf1 Ba6
0-1

[Event "Aam aadmi party(AAP)"]
[Site "SchemingMind.com"]
[Date "2015.02.16"]
[Round "-"]
[White "Ramesh Panwar"]
[Black "Kid A"]
[Result "1-0"]
[WhiteCountry "IND"]
[BlackCountry "FIN"]
[WhiteElo "2329"]
[WhiteRD "52"]
[BlackElo "1969"]
[BlackRD "71"]
[GameID "374887"]

1. c4 c5 2. e3 Nf6 3. Nc3 e6 4. Nf3 d5 5. d4 Nc6 6. Be2 Be7 7. dxc5 Bxc5 8. cxd5 exd5 9. a3 a5 10. O-O O-O
11. Qb3 Qb6 12. Qc2 Bg4 13. Na4
1-0

[Event "Aam aadmi party(AAP)"]
[Site "SchemingMind.com"]
[Date "2015.02.16"]
[Round "-"]
[White "Kid A"]
[Black "GBEDARD"]
[Result "0-1"]
[WhiteCountry "FIN"]
[BlackCountry "USA"]
[WhiteElo "1923"]
[WhiteRD "70"]
[BlackElo "2036"]
[BlackRD "66"]
[GameID "374895"]

1. e4 d6 2. Nc3 Nf6 3. d4 g6 4. Nf3 Bg7 5. Be2 O-O 6. O-O c6 7. a4 Nbd7 8. h3 Qc7 9. Be3 b6 10. d5 cxd5
11. exd5 Nc5 12. Nb5 Qb7 13. c4 Bd7 14. Nfd4 Nfe4 15. b4 a6 16. bxc5 bxc5 17. Qc2 axb5 18. Nxb5 Bxa1 19. Rxa1 Bxb5 20. cxb5 Qxd5
21. Bf3 Qe5 22. Qb1 f5 23. b6 Rfb8 24. a5 Rxb6
0-1

[Event "Aam aadmi party(AAP)"]
[Site "SchemingMind.com"]
[Date "2015.02.17"]
[Round "-"]
[White "GBEDARD"]
[Black "Kid A"]
[Result "1-0"]
[WhiteCountry "USA"]
[BlackCountry "FIN"]
[WhiteElo "2036"]
[WhiteRD "66"]
[BlackElo "1923"]
[BlackRD "70"]
[GameID "374896"]

1. e4 e5 2. Nf3 Nc6 3. Bb5 a6 4. Ba4 b5 5. Bb3 Bc5 6. O-O Nf6 7. c3 d6 8. a4 b4 9. Bd5 Bb7 10. d4 exd4
11. cxb4 Bxb4 12. Qb3 a5 13. Bxf7+ Kf8 14. Bg5 Ne5 15. Nxd4 Qe7 16. Bh5 d5 17. Nc3 g6 18. Be2 c5 19. Bxf6 Qxf6 20. Nxd5 Bxd5
21. Qxd5 Re8 22. f4 Nf7 23. e5 Qe7 24. Nc6 Qe6 25. Nxb4 cxb4 26. Qxa5 Qb3 27. Qb6 Qxb2 28. Bc4 Qc3 29. Rac1 Qd2 30. Bxf7 Kxf7
31. Qf6+
1-0

[Event "Aam aadmi party(AAP)"]
[Site "SchemingMind.com"]
[Date "2015.02.16"]
[Round "-"]
[White "GBEDARD"]
[Black "Stephen Woodhouse"]
[Result "1-0"]
[WhiteCountry "USA"]
[BlackCountry "ENG"]
[WhiteElo "1982"]
[WhiteRD "69"]
[BlackElo "1883"]
[BlackRD "48"]
[GameID "374897"]

1. e4 e6 2. d4 d5 3. Nc3 Nf6 4. Bg5 dxe4 5. Nxe4 Be7 6. Bxf6 Bxf6 7. Nf3 Nd7 8. Qd2 O-O 9. O-O-O b6 10. Bc4 Bb7
11. Rhe1 c5 12. d5 e5 13. Nxf6+ Qxf6 14. Bb5 Rad8 15. Bxd7 Rxd7 16. Rxe5 Rfd8 17. Rde1 g6 18. Qh6 Qg7 19. Re8+
1-0

[Event "Aam aadmi party(AAP)"]
[Site "SchemingMind.com"]
[Date "2015.02.16"]
[Round "-"]
[White "Stephen Woodhouse"]
[Black "GBEDARD"]
[Result "0-1"]
[WhiteCountry "ENG"]
[BlackCountry "USA"]
[WhiteElo "1883"]
[WhiteRD "48"]
[BlackElo "1982"]
[BlackRD "69"]
[GameID "374898"]

1. e4 d6 2. d4 Nf6 3. Nc3 g6 4. f4 Bg7 5. Nf3 O-O 6. Bd3 Nc6 7. O-O e5 8. fxe5 dxe5 9. dxe5 Nxe5 10. Nxe5 Qd4+
11. Kh1 Qxe5 12. Bf4 Qc5 13. h3 Nh5 14. Bh2 Be5 15. Qf3 Bxh2 16. Kxh2 Qe5+ 17. Kg1 Bd7 18. Rae1 Rae8 19. Nd5 Kg7 20. c3 Be6
21. Bc4 Ng3 22. Rf2 f5 23. Nf4 Bxc4 24. Qxg3 Bxa2 25. Kh2 fxe4 26. Ne2 Rxf2
0-1

[Event "Aam aadmi party(AAP)"]
[Site "SchemingMind.com"]
[Date "2015.02.16"]
[Round "-"]
[White "GBEDARD"]
[Black "Ramesh Panwar"]
[Result "0-1"]
[WhiteCountry "USA"]
[BlackCountry "IND"]
[WhiteElo "1982"]
[WhiteRD "69"]
[BlackElo "2329"]
[BlackRD "52"]
[GameID "374899"]

1. e4 e5 2. Nf3 Nc6 3. Bb5 Nf6 4. O-O Nxe4 5. d4 Be7 6. Qe2 Nd6 7. Bxc6 bxc6 8. dxe5 Nf5 9. Qe4 g6 10. Nd4 Nxd4
11. Qxd4 O-O 12. Bh6 Re8 13. Nc3 d5 14. f4 Ba6 15. Rfd1 Qb8 16. Na4 Be2 17. Rd2 Bb5 18. c3 a5 19. b4 Bxa4
0-1

[Event "Aam aadmi party(AAP)"]
[Site "SchemingMind.com"]
[Date "2015.02.16"]
[Round "-"]
[White "Ramesh Panwar"]
[Black "GBEDARD"]
[Result "1-0"]
[WhiteCountry "IND"]
[BlackCountry "USA"]
[WhiteElo "2329"]
[WhiteRD "52"]
[BlackElo "1982"]
[BlackRD "69"]
[GameID "374900"]

1. d4 Nf6 2. Bg5 Ne4 3. Bf4 c5 4. e3 Qb6 5. Nc3 Nxc3 6. bxc3 d5 7. Nf3 Nc6 8. Be2 Qb2 9. O-O Qxc3 10. dxc5 Qxc5
11. Rc1 b5 12. a4 a6 13. axb5 axb5 14. Rb1 Ba6 15. Ra1 g6 16. e4 dxe4 17. Be3 Qd6 18. Bxb5 Bxb5 19. Rxa8+ Kd7 20. Bf4 Be2
21. Qxe2 Qxf4 22. Qc4 e6 23. Rd1+ Ke7 24. Qxc6 Kf6 25. Qc3+ e5 26. Nxe5 Kg5 27. Ra7 Be7 28. Rxe7 Rf8 29. g3 Qf5 30. Nd7
1-0

[Event "Aam aadmi party(AAP)"]
[Site "SchemingMind.com"]
[Date "2015.02.17"]
[Round "-"]
[White "CLewis73"]
[Black "Kid A"]
[Result "1-0"]
[WhiteCountry "ENG"]
[BlackCountry "FIN"]
[WhiteElo "1799"]
[WhiteRD "73"]
[BlackElo "1923"]
[BlackRD "70"]
[GameID "374906"]

1. e4 e5 2. Nf3 Nc6 3. c3 d5 4. Qa4 f6 5. Bb5 Ne7 6. exd5 Qxd5 7. d4 Bg4 8. c4 Qe4+ 9. Be3 Bxf3 10. Nd2 Qd3
11. Nxf3 exd4 12. Nxd4 O-O-O 13. Nxc6 Nxc6 14. Bxc6 bxc6 15. Qa6+ Kd7 16. a3 Bd6 17. Rd1 Qg6 18. O-O Qh5 19. g3 c5 20. Rd5 Qe2
21. Bxc5 Ke6 22. Rfd1 Kf7 23. Bxd6 cxd6 24. Qxa7+ Kg6 25. Qd4 Rhe8 26. Qd3+
1-0

[Event "Aam aadmi party(AAP)"]
[Site "SchemingMind.com"]
[Date "2015.02.17"]
[Round "-"]
[White "Kid A"]
[Black "CLewis73"]
[Result "1-0"]
[WhiteCountry "FIN"]
[BlackCountry "ENG"]
[WhiteElo "1969"]
[WhiteRD "71"]
[BlackElo "1800"]
[BlackRD "73"]
[GameID "374907"]

1. e4 d5 2. exd5 Nf6 3. Nc3 Nxd5 4. Nf3 Nxc3 5. bxc3 g6 6. d4 Bg7 7. Bc4 O-O 8. O-O Bg4 9. Rb1 b6 10. Ba3 Re8
11. Bxf7+ Kxf7 12. Ng5+ Kg8 13. Qxg4 e5 14. Qf3
1-0

[Event "Aam aadmi party(AAP)"]
[Site "SchemingMind.com"]
[Date "2015.02.16"]
[Round "-"]
[White "CLewis73"]
[Black "GBEDARD"]
[Result "0-1"]
[WhiteCountry "ENG"]
[BlackCountry "USA"]
[WhiteElo "1800"]
[WhiteRD "73"]
[BlackElo "1982"]
[BlackRD "69"]
[GameID "374908"]

1. e4 d6 2. Bc4 Nf6 3. d3 g6 4. f4 d5 5. exd5 Nxd5 6. Nf3 Bg7 7. O-O Nc6 8. Bxd5 Qxd5 9. Nc3 Qc5+ 10. Kh1 Bg4
11. Ne4 Qh5 12. c3 O-O-O 13. Ng3 Qd5 14. d4 h5 15. Qb3 Be6 16. Qxd5 Bxd5 17. Ne5 h4 18. Ne2 h3 19. Nf3 hxg2+ 20. Kxg2 Rh7
21. Rh1 Rdh8 22. Kg3 Rh3+
0-1

[Event "Aam aadmi party(AAP)"]
[Site "SchemingMind.com"]
[Date "2015.02.16"]
[Round "-"]
[White "GBEDARD"]
[Black "CLewis73"]
[Result "1-0"]
[WhiteCountry "USA"]
[BlackCountry "ENG"]
[WhiteElo "2036"]
[WhiteRD "66"]
[BlackElo "1799"]
[BlackRD "73"]
[GameID "374909"]

1. e4 d5 2. exd5 Nf6 3. d4 Bg4 4. f3 Bf5 5. Bb5+ Nbd7 6. c4 e6 7. dxe6 Bxe6 8. Nc3 Qe7 9. Nge2 c6 10. d5 Bf5
11. dxc6 bxc6 12. Bxc6 Rc8 13. Bxd7+ Qxd7 14. Qxd7+ Nxd7 15. b3 Bb4 16. Be3 a6 17. O-O O-O 18. Nd5 Bd6 19. Rad1 Rfe8 20. Ng3 Bg6
21. Rfe1 Bxg3 22. hxg3 h6 23. Bd4 Nb8 24. Ne7+
1-0

[Event "Aam aadmi party(AAP)"]
[Site "SchemingMind.com"]
[Date "2015.02.16"]
[Round "-"]
[White "CLewis73"]
[Black "Stephen Woodhouse"]
[Result "0-1"]
[WhiteCountry "ENG"]
[BlackCountry "ENG"]
[WhiteElo "1799"]
[WhiteRD "73"]
[BlackElo "1859"]
[BlackRD "49"]
[GameID "374910"]

1. e4 e6 2. d4 d5 3. Nc3 Nf6 4. Bg5 dxe4 5. Nxe4 Be7 6. Bxf6 Bxf6 7. Nf3 Nd7 8. Bc4 a6 9. O-O O-O 10. Qe2 b5
11. Bb3 Bb7 12. Rfd1 Qe7 13. c3 Rfd8 14. a4 bxa4 15. Bxa4 Nb6 16. Bc2 Nd5 17. Nc5 Rdb8 18. Nxb7 Rxb7 19. Be4 c6 20. Rxa6 Rxa6
21. Qxa6 Rxb2 22. Qxc6 Qd8 23. Bxd5 exd5 24. Re1 Rb8 25. Ne5 Bxe5 26. dxe5 Rc8 27. Qd6 g6 28. Qxd8+ Rxd8 29. g3 Kf8 30. f4 Ke7
31. Kf2 Rc8 32. Rc1 Rc4 33. Ke3 Ke6 34. Kd3 h5 35. h3 h4 36. Ke3 hxg3
0-1

[Event "Aam aadmi party(AAP)"]
[Site "SchemingMind.com"]
[Date "2015.02.16"]
[Round "-"]
[White "Stephen Woodhouse"]
[Black "CLewis73"]
[Result "1/2-1/2"]
[WhiteCountry "ENG"]
[BlackCountry "ENG"]
[WhiteElo "1883"]
[WhiteRD "48"]
[BlackElo "1800"]
[BlackRD "73"]
[GameID "374911"]

1. e4 d5 2. exd5 Nf6 3. c4 e6 4. dxe6 Bxe6 5. Nf3 Qe7 6. Be2 Bxc4 7. d3 Ba6 8. O-O Qd6 9. d4 Be7 10. Nc3 O-O
11. Bg5 Bxe2 12. Qxe2 Nc6 13. Rfe1 h6 14. Bh4 Rfe8 15. Rad1 Bf8 16. Qc4 Qb4 17. Qxb4 Nxb4 18. Bxf6 gxf6 19. a3 Nc6 20. Kf1 a6
21. Rxe8 Rxe8 22. Nd5 Kg7 23. Nxc7 Rd8 24. d5 Rd7 25. d6 Kg6 26. Nd5 Bxd6 27. Ne3 Rd8 28. Nc4 Bc7 29. Rxd8=
1/2-1/2

[Event "Aam aadmi party(AAP)"]
[Site "SchemingMind.com"]
[Date "2015.02.16"]
[Round "-"]
[White "CLewis73"]
[Black "Ramesh Panwar"]
[Result "0-1"]
[WhiteCountry "ENG"]
[BlackCountry "IND"]
[WhiteElo "1800"]
[WhiteRD "73"]
[BlackElo "2329"]
[BlackRD "52"]
[GameID "374912"]

1. e4 c5 2. Nf3 Nc6 3. a3 Nf6 4. e5 Ng4 5. Nc3 Ngxe5 6. Nxe5 Nxe5 7. d4 cxd4 8. Qxd4 Nc6 9. Qd1 e6 10. Be3 d5
11. Bb5 Be7 12. O-O O-O 13. Bxc6 bxc6 14. Ne2 c5 15. Ng3 Qc7 16. c3 Rb8 17. b4 a5 18. Rc1 axb4 19. axb4 Ba6 20. Re1 cxb4
21. cxb4 Bc4 22. Qg4 f5 23. Bf4 fxg4 24. Bxc7 Rxb4 25. Rxe6 Bc5 26. Rc2 Rb1+
0-1

[Event "Aam aadmi party(AAP)"]
[Site "SchemingMind.com"]
[Date "2015.02.16"]
[Round "-"]
[White "Ramesh Panwar"]
[Black "CLewis73"]
[Result "1-0"]
[WhiteCountry "IND"]
[BlackCountry "ENG"]
[WhiteElo "2329"]
[WhiteRD "52"]
[BlackElo "1800"]
[BlackRD "73"]
[GameID "374913"]

1. d4 e5 2. dxe5 Nc6 3. Nf3 Qe7 4. Bg5 Qc5 5. Be3 Qb5 6. Nc3 Qxb2 7. Bd2 Nb4 8. Nd4 c5 9. Rb1 Qa3 10. Ndb5 Qa5
11. Nd5 Qxa2 12. Nbc7+ Kd8 13. Bxb4 cxb4 14. Nxa8 Ne7 15. Nac7 Nxd5 16. Nxd5
1-0

[Event "Aam aadmi party(AAP)"]
[Site "SchemingMind.com"]
[Date "2015.02.18"]
[Round "-"]
[White "CLewis73"]
[Black "Glenn O'Brien"]
[Result "0-1"]
[WhiteCountry "ENG"]
[BlackCountry "AUS"]
[WhiteElo "1799"]
[WhiteRD "73"]
[BlackElo "2033"]
[BlackRD "75"]
[GameID "374928"]

1. e4 e5 2. Nf3 Nc6 3. c3 Nf6 4. d4 exd4 5. e5 Nd5 6. Qb3 Nb6 7. cxd4 d6 8. Bb5 Be6 9. Qc2 Qd7 10. O-O a6
11. Bxc6 Qxc6 12. Qxc6+ bxc6 13. b3 Nd5 14. Bd2 c5 15. dxc5 dxe5 16. b4 f6 17. a3 Be7 18. Nc3 O-O 19. Rfe1 Rfd8 20. Ne4 Bf5
21. Rad1 Bxe4 22. Rxe4 Nc3 23. Re3 Nxd1
0-1

[Event "Aam aadmi party(AAP)"]
[Site "SchemingMind.com"]
[Date "2015.02.17"]
[Round "-"]
[White "Glenn O'Brien"]
[Black "CLewis73"]
[Result "1-0"]
[WhiteCountry "AUS"]
[BlackCountry "ENG"]
[WhiteElo "2033"]
[WhiteRD "75"]
[BlackElo "1799"]
[BlackRD "73"]
[GameID "374929"]

1. e4 d5 2. exd5 Nf6 3. d4 Bg4 4. f3 Bf5 5. Bb5+ Nbd7 6. c4 e6 7. dxe6 Bxe6 8. d5 Bf5 9. Nc3 Be7 10. Nge2 O-O
11. Ng3 Bg6 12. f4 h6 13. O-O a6 14. Ba4 Nc5 15. Bc2 Bxc2 16. Qxc2 Re8 17. Re1 Bd6 18. Bd2 Qd7 19. b4
1-0

[Event "Aam aadmi party(AAP)"]
[Site "SchemingMind.com"]
[Date "2015.02.18"]
[Round "-"]
[White "Kid A"]
[Black "Glenn O'Brien"]
[Result "0-1"]
[WhiteCountry "FIN"]
[BlackCountry "AUS"]
[WhiteElo "1923"]
[WhiteRD "70"]
[BlackElo "2033"]
[BlackRD "75"]
[GameID "374930"]

1. e4 e5 2. Nf3 Nc6 3. Bc4 Nf6 4. d4 exd4 5. e5 d5 6. Bb5 Ne4 7. Nxd4 Bd7 8. Nxc6 bxc6 9. Bd3 Bc5 10. Bxe4 Qh4
11. O-O Qxe4 12. Nc3 Qg6 13. Ne2 O-O 14. Nf4 Qf5 15. Nd3 Bd4 16. Re1 f6 17. exf6 Qxf6 18. Rf1 Bf5 19. c3 Bxd3 20. Qxd3 Bxf2+
21. Kh1 Rae8 22. Bd2 Qg6 23. Qa6 Qc2 24. Bg5 Bb6 25. Qb7 Rxf1+ 26. Rxf1 Qe2
0-1

[Event "Aam aadmi party(AAP)"]
[Site "SchemingMind.com"]
[Date "2015.02.17"]
[Round "-"]
[White "Glenn O'Brien"]
[Black "Kid A"]
[Result "1-0"]
[WhiteCountry "AUS"]
[BlackCountry "FIN"]
[WhiteElo "2070"]
[WhiteRD "77"]
[BlackElo "1930"]
[BlackRD "74"]
[GameID "374931"]

1. e4 e5 2. Nf3 Nc6 3. Bb5 a6 4. Ba4 Nf6 5. O-O Be7 6. Re1 b5 7. Bb3 O-O 8. h3 d5 9. exd5 Nxd5 10. Nxe5 Nxe5
11. Rxe5 c6 12. d4 Bd6 13. Re1 Qh4 14. Qd3 f5 15. Nd2 Kh8 16. Nf3 Qf6 17. Bg5 Qg6 18. Bxd5 cxd5 19. Be7 Bxe7 20. Rxe7 f4
21. Qxg6 hxg6 22. Ng5 Bf5 23. Ne6 Rae8 24. Rxe8 Rxe8 25. Nxf4 Bxc2 26. Nxd5 a5 27. Ne3 Bd3 28. Rd1 Be2 29. Rd2 Bc4 30. Nxc4 bxc4
31. d5 Kg8 32. d6 Rd8 33. d7 Kf7 34. Rd6 g5 35. Kf1 Ke7 36. Rg6
1-0

[Event "Aam aadmi party(AAP)"]
[Site "SchemingMind.com"]
[Date "2015.02.17"]
[Round "-"]
[White "Glenn O'Brien"]
[Black "GBEDARD"]
[Result "1/2-1/2"]
[WhiteCountry "AUS"]
[BlackCountry "USA"]
[WhiteElo "2033"]
[WhiteRD "75"]
[BlackElo "2036"]
[BlackRD "66"]
[GameID "374932"]

1. e4 d6 2. d4 Nf6 3. Nc3 g6 4. f4 Bg7 5. Nf3 O-O 6. Bd3 Nc6 7. O-O e5 8. fxe5 dxe5 9. d5 Nd4 10. Nxe5 Nxe4
11. Bxe4 Bxe5 12. Bf4 Bg7 13. Qd2 Nf5 14. Rae1 Bd7 15. Bxf5 Bxf5 16. Nb5 Qf6 17. Nxc7 Qb6+ 18. Kh1 Rac8 19. d6 Qxb2 20. Qd5 Qxc2
21. Qxb7 Bd3 22. Rf3 Rb8 23. Qxa7 Rb2 24. Qg1 Be4 25. Rg3 Rd8 26. a3 h5 27. h3 Bf8 28. Rd1 Rb3 29. Kh2 Rxg3 30. Bxg3 Bxg2
31. Rc1 Qd2 32. Rd1 Qc2=
1/2-1/2

[Event "Aam aadmi party(AAP)"]
[Site "SchemingMind.com"]
[Date "2015.02.18"]
[Round "-"]
[White "GBEDARD"]
[Black "Glenn O'Brien"]
[Result "1-0"]
[WhiteCountry "USA"]
[BlackCountry "AUS"]
[WhiteElo "2036"]
[WhiteRD "66"]
[BlackElo "2033"]
[BlackRD "75"]
[GameID "374933"]

1. e4 e5 2. Nf3 Nc6 3. Bb5 a6 4. Ba4 Nf6 5. O-O Be7 6. Re1 b5 7. Bb3 O-O 8. c3 d6 9. h3 Na5 10. Bc2 c5
11. d4 Qc7 12. Nbd2 cxd4 13. cxd4 Nc6 14. Nb3 a5 15. Be3 a4 16. Nbd2 Bd7 17. Rc1 Qb7 18. Nf1 Rfe8 19. Ng3 Bd8 20. Qe2 h6
21. Bd3 Ba5 22. Red1 Rab8 23. dxe5 Nxe5 24. Bf4 Qa7 25. Bb1 Bb4 26. Nh4 a3 27. b3 g5 28. Be3 Qb7 29. Nhf5 Bxf5 30. Nxf5 Nxe4
31. Qh5 d5 32. Bxe4 dxe4 33. Nxh6+ Kf8 34. Bc5+ Bxc5 35. Nf5 Bxf2+ 36. Kh1 Kg8 37. Qxg5+ Ng6 38. Qf6 Bd4 39. Rxd4 Nf4 40. Qg7#
1-0

[Event "Aam aadmi party(AAP)"]
[Site "SchemingMind.com"]
[Date "2015.02.17"]
[Round "-"]
[White "Glenn O'Brien"]
[Black "Stephen Woodhouse"]
[Result "1-0"]
[WhiteCountry "AUS"]
[BlackCountry "ENG"]
[WhiteElo "2064"]
[WhiteRD "81"]
[BlackElo "1883"]
[BlackRD "48"]
[GameID "374934"]

1. e4 e6 2. d4 d5 3. Nc3 Nf6 4. Bg5 dxe4 5. Nxe4 Be7 6. Bxf6 Bxf6 7. Nf3 Nd7 8. Qd2 b6 9. Bb5 O-O 10. Bc6 Rb8
11. O-O-O Bb7 12. Bxb7 Rxb7 13. d5 e5 14. Qc3 Qe7 15. Rhe1 Re8 16. d6 Qd8 17. Qc6
1-0

[Event "Aam aadmi party(AAP)"]
[Site "SchemingMind.com"]
[Date "2015.02.18"]
[Round "-"]
[White "Stephen Woodhouse"]
[Black "Glenn O'Brien"]
[Result "1/2-1/2"]
[WhiteCountry "ENG"]
[BlackCountry "AUS"]
[WhiteElo "1883"]
[WhiteRD "48"]
[BlackElo "2064"]
[BlackRD "81"]
[GameID "374935"]

1. e4 e5 2. Nf3 Nc6 3. d4 exd4 4. Nxd4 Bc5 5. Be3 Qf6 6. c3 Nge7 7. Bc4 Ne5 8. Be2 Qg6 9. O-O d6 10. Kh1 Qxe4
11. Nd2 Qg6 12. Bh5 Bg4 13. Qa4+ Bd7 14. Qd1 Bg4 15. Qa4+=
1/2-1/2

[Event "Aam aadmi party(AAP)"]
[Site "SchemingMind.com"]
[Date "2015.02.17"]
[Round "-"]
[White "Glenn O'Brien"]
[Black "Ramesh Panwar"]
[Result "0-1"]
[WhiteCountry "AUS"]
[BlackCountry "IND"]
[WhiteElo "2033"]
[WhiteRD "75"]
[BlackElo "2354"]
[BlackRD "56"]
[GameID "374936"]

1. e4 e5 2. Nf3 Nc6 3. Bb5 a6 4. Ba4 Nf6 5. O-O Be7 6. Re1 b5 7. Bb3 d6 8. c3 O-O 9. h3 Nd7 10. d4 Bb7
11. Nbd2 Na5 12. Bc2 exd4 13. cxd4 Re8 14. a4 c5 15. dxc5 dxc5 16. Qe2 c4 17. Nd4 Bc5 18. Nf5 Ne5 19. axb5 axb5 20. Nb1 b4
21. Rd1 Qb6 22. Nd2 b3 23. Bb1 c3 24. bxc3 b2 25. Ra4 bxc1=Q 26. Rxc1 Nac6 27. Rxa8 Rxa8 28. Ne3 Ra1 29. Nd5 Qb2 30. Rd1 Ba6
31. Qe1 Bb5 32. Bc2 Ra3 33. Bb1 Ba4 34. Rc1 h6 35. Nf4 Rxc3 36. Rxc3 Qxc3 37. Nd5 Qb2 38. Ne3 Bb5 39. Qd1 Nd4 40. Nd5 Be2
41. Qe1 Qb8 42. Kh1 Nef3
0-1

[Event "Aam aadmi party(AAP)"]
[Site "SchemingMind.com"]
[Date "2015.02.18"]
[Round "-"]
[White "Ramesh Panwar"]
[Black "Glenn O'Brien"]
[Result "1-0"]
[WhiteCountry "IND"]
[BlackCountry "AUS"]
[WhiteElo "2354"]
[WhiteRD "56"]
[BlackElo "2033"]
[BlackRD "75"]
[GameID "374937"]

1. d4 Nf6 2. c4 e6 3. Nc3 Bb4 4. e3 O-O 5. Bd3 d5 6. Nf3 c5 7. O-O Nc6 8. cxd5 exd5 9. dxc5 Bxc5 10. b3 Bg4
11. Bb2 Qe7 12. h3 Bxf3 13. Qxf3 Ne5 14. Qf5 Nxd3 15. Qxd3 Rad8 16. Ne2 Bd6 17. Rad1 Be5 18. Bxe5 Qxe5 19. Qd4 Qxd4 20. Rxd4 Rfe8
21. Nc3 Re6 22. Rfd1 Re5 23. R1d3 Rd7 24. f4 Re8 25. Nxd5 Nxd5 26. Rxd5 Rde7 27. Kf2 Re6 28. Rd7 Rb6 29. Re7 Kf8 30. Rc7 g5
31. fxg5 Rb5 32. Rdd7 Rf5+ 33. Ke2 Kg8 34. h4 Re4 35. g3 Rfe5 36. Rxf7 Rxe3+ 37. Kf2 Re2+ 38. Kf3 R5e3+ 39. Kg4 Rxa2 40. Rg7+ Kf8
41. Rcf7+ Ke8 42. Rxb7 Kf8 43. Rxh7 Kg8 44. Rhg7+ Kh8 45. g6 Rf2 46. Rh7+ Kg8 47. Kg5 Rxb3 48. Rxb3 a5 49. Rbb7 Rf3 50. Kh6 a4
51. Rbg7+ Kf8 52. Rh8#
1-0